01174nam a22001817a 45000010005000000030006000050050017000110080041000280200018000690400029000870820010001161000020001262450046001462600048001923000050002405200667002907000035009575498FISKH20250123123155.0241212b cb ||||| |||| 00| 0 eng d a9780198365846 aFISKHbengcFISKHdFISKH a448.2 aGlover, Stuart  aAQA French foundation /cby Stuart Glover aOxford : bOxford University Press ,c2016. a206 pages : bcolor illustrations ;c27 cm .  aOur bestselling AQA GCSE French course has been updated for the 2016 specification. This course offers brand new content, delivering the breadth and rigour required to develop the productive skills students need to manipulate language confidently and to prepare thoroughly for their exams. Itsdifferentiated approach (Foundation and Higher Student Books) helps to support your mixed-ability classes, and facilitate co-teaching and flexibility. The blend includes differentiated Student Books, and online resources delivered via popular Kerboodle.The audio to accompany this book is available to purchase on CD. It is also available to institutions via Kerboodle. aHarrison, Steven eillustrator